Statistics for Top 100 New England Patriots of All Time

Click here to take the quiz!

General Stats

  • This quiz has been taken 45 times
  • The average score is 31 of 100

Answer Stats

PositionPlayer% Correct
QBTom Brady
100%
TERob Gronkowski
98%
WRRandy Moss
85%
WRJulian Edelman
80%
QBDrew Bledsoe
76%
WRWes Welker
76%
KAdam Vinatieri
73%
DEChandler Jones
68%
OGJohn Hannah
66%
WRTroy Brown
66%
CBTy Law
66%
LBVincent Brown
66%
DTVince Wilfork
63%
SDevin McCourty
59%
KStephen Gostkowski
59%
CBStephon Gilmore
59%
LBTedy Bruschi
59%
LBTed Johnson
56%
RBJames White
54%
LBDont'a Hightower
51%
SRodney Harrison
51%
QBSteve Grogan
51%
CBDarrelle Revis
49%
DEAndre Tippett
46%
OLLogan Mankins
44%
LBMike Vrabel
44%
DERichard Seymour
44%
LBWillie McGinest
44%
RBKevin Faulk
41%
SLawyer Milloy
39%
OTMatt Light
39%
SPatrick Chung
39%
OTBruce Armstrong
37%
RBCurtis Martin
37%
WRDeion Branch
37%
WRStanley Morgan
37%
CBAsante Samuel
34%
RBCorey Dillon
34%
CBMalcolm Butler
34%
CBMike Haynes
34%
TEBen Coates
32%
LBJerod Mayo
32%
DEBrent Williams
29%
FBJim Nance
29%
RTSebastian Vollmer
29%
QBBabe Parilli
27%
CBRaymond Clayborn
27%
FBSam Cunningham
27%
OGShaq Mason
27%
OGStephen Neal
27%
WRTerry Glenn
27%
LTNate Solder
24%
TERuss Francis
24%
DEJulius Adams
22%
LBJunior Seau
22%
DERob Ninkovich
22%
OGSam Adams
22%
QBJim Plunkett
20%
LBNick Buoniconti
20%
LBSteve Nelson
20%
RBTony Collins
20%
DETrey Flowers
20%
DETy Warren
20%
RBCraig James
17%
CDan Koppen
17%
CJohn Morris
17%
OTLeon Gray
17%
SRoland James
17%
OGDan Connolly
15%
WRIrving Fryar
15%
OTMarcus Cannon
15%
OLDamien Woody
12%
DLJim Lee Hunt
12%
DLBob Dee
10%
OTBrian Holloway
10%
OGCharley Long
10%
LBChris Slade
10%
SFred Marion
10%
K/WRGino Cappelleti
10%
OGJoe Andruzzi
10%
FBMosi Tatupu
10%
DLHouston Antwine
7%
FBLarry Garron
7%
DTRay Hamilton
7%
CBRonnie Lippett
7%
OLTom Neville
7%
CBill Lenkaitis
5%
CBChuck Shonta
5%
OLBDon Blackmon
5%
TEJim Colclough
5%
DELarry Eisenhauer
5%
LBLarry McGrew
5%
OGLen St. Jean
5%
CBMaurice Hurst
5%
OLMax Lane
5%
OLNick Kaczur
5%
CPete Brock
5%
OGRon Wooten
5%
OTShelby Jordan
5%
LBTom Addison
5%

Score Distribution

Percentile by Number Answered

Percent of People with Each Score

Your Score History

You have not taken this quiz